Die Makromolekulare Chemie.

Bibliographic Details
New Title:Makromolekulare Chemie. Rapid communications
Macromolecular chemistry and physics
Previous Title:Journal für makromolekulare Chemie
Format: Journal
Language:English
French
German
Language Notes:English, French, and German.
Published: Freiburg im Breisgau : Basel : K. Alber ; Wepf & Co., 1947-1993.
Subjects:
Online Availability: Check for online availability

MARC

Tag First Indicator Second Indicator Subfields
LEADER 00000cas a2200000 a 4500
001 in00000083026
005 20210422105747.0
008 750901d19471993gw mr p 0 a0eng c
010 |a  50002401   |z sc 82007150   |z sn 82000408   |z sc 83006180   |z sn 82020036  
016 7 |a 8302958  |2 DNLM 
019 |a 7130306  |a 7455073  |a 29656696  |a 50380857  |a 51268263 
022 |a 0025-116X  |l 0025-116X  |2 0 
029 1 |a NLM  |b 8103633 
029 1 |a NLGGC  |b 861811461 
029 1 |a NLM  |b 8302958 
029 1 |a NLM  |b 8103630 
029 1 |a NZ1  |b 4360614 
029 1 |a NZ1  |b 9723286 
029 1 |a AU@  |b 000002352506 
029 1 |a AU@  |b 000043927491 
030 |a MACEAK 
035 |a (OCoLC)ocm01585875 
035 |a (OCoLC)1585875  |z (OCoLC)7130306  |z (OCoLC)7455073  |z (OCoLC)29656696  |z (OCoLC)50380857  |z (OCoLC)51268263 
040 |a MUL  |c MUL  |d SUL  |d COO  |d NYG  |d HUL  |d DLC  |d NST  |d NSD  |d NST  |d RCS  |d NSD  |d NST  |d SER  |d AIP  |d NSD  |d AIP  |d NSD  |d NST  |d NSD  |d IUL  |d NST  |d NSD  |d DLC  |d NSD  |d NST  |d NSD  |d DLC  |d OCL  |d NLM  |d OCLCQ  |d CUS  |d IUL  |d NLGGC  |d OCLCQ  |d IUL  |d LVB  |d OCLCQ  |d UtOrBLW 
041 0 |a eng  |a fre  |a ger 
042 |a pcc  |a nsdp 
049 |a TXAM 
050 0 0 |a QD471  |b .M3 
060 0 0 |a W1  |b MA493D 
082 0 4 |a 541.7 
210 0 |a Makromol. Chem. 
222 4 |a Die Makromolekulare Chemie 
245 0 4 |a Die Makromolekulare Chemie. 
246 1 |i Issues for 1981-1993 have also English title:  |a Macromolecular chemistry and physics 
264 1 |a Freiburg im Breisgau :  |b K. Alber ;  |a Basel :  |b Wepf & Co.,  |c 1947-1993. 
300 |a 194 volumes :  |b illustrations ;  |c 24 cm. 
310 |a Monthly,  |b <1981>-1993 
321 |a Irregular,  |b 1947-<1948> 
336 |a text  |b txt  |2 rdacontent 
337 |a unmediated  |b n  |2 rdamedia 
338 |a volume  |b nc  |2 rdacarrier 
362 0 |a Bd. 1, Heft 1-2-v. 194, no. 12 (Dec. 1993). 
510 2 |a Chemical abstracts  |x 0009-2258 
530 |a Issued also online. 
546 |a English, French, and German. 
555 |a Vols. 1 (1947)-20 (1956) with v. 20; v. 21 (1956)-40 (1960) with v. 40; v. 41 (1960)-60 (1963) with v. 62; v. 61 (1963)-80 (1965) with v. 81; v. 1 (1947)-100 (1967) as v. 106. 1 v.; v. 101 (1967)-150 (1972) as v. 159. 1 v. 
650 0 |a Polymers  |v Periodicals.  |0 http://id.loc.gov/authorities/subjects/sh2008109760 
650 0 |a Polymerization  |v Periodicals.  |0 http://id.loc.gov/authorities/subjects/sh2008109761 
650 0 |a Synthetic products  |v Periodicals. 
650 1 7 |a Chemie.  |2 gtt 
650 1 7 |a Macromoleculen.  |2 gtt 
650 2 |a Chemistry.  |0 https://id.nlm.nih.gov/mesh/D002621 
650 2 |a Molecular Biology.  |0 https://id.nlm.nih.gov/mesh/D008967 
650 2 |a Physics.  |0 https://id.nlm.nih.gov/mesh/D010825 
650 2 |a Polymers.  |0 https://id.nlm.nih.gov/mesh/D011108 
655 2 |a Periodical.  |0 https://id.nlm.nih.gov/mesh/D020492 
650 6 |a Polymères  |v Périodiques. 
650 6 |a Macromolécules  |v Périodiques. 
770 0 |t Makromolekulare Chemie. Supplement  |x 0253-5904  |w (DLC)sc 84008243  |w (OCoLC)6128099  |g 1975-1989 
770 0 |t Makromolekulare Chemie. Macromolecular symposia  |x 0258-0322  |w (DLC) 90644233  |w (OCoLC)13430804  |g 1986-1993 
776 1 |t Makromolekulare Chemie (Online)  |w (OCoLC)61566438 
780 0 1 |t Journal für makromolekulare Chemie  |w (OCoLC)2227447 
785 0 1 |t Makromolekulare Chemie. Rapid communications  |x 0173-2803  |w (DLC) 81642667  |w (OCoLC)6241230  |g 1980 
785 0 0 |t Macromolecular chemistry and physics  |x 1022-1352  |w (DLC) 94652062  |w (OCoLC)29693904 
776 0 8 |i Online version:  |t Makromolekulare Chemie  |w (OCoLC)634809261 
850 |a AU  |a AzTeS  |a AzU  |a CSt  |a CU  |a CU-A  |a CU-RivP  |a CU-SB  |a CaMWU  |a CaNBSaM  |a CaOLU  |a CaOWtU  |a DLC  |a DNAL  |a DNLM  |a DeU  |a FU  |a ICRL  |a ICU  |a ICarbS  |a IEN  |a IaAS  |a InLP  |a InU  |a KMK  |a MCM  |a MMeT  |a MiDW  |a MiU  |a MnU  |a MoKL  |a N  |a NBuU-SE  |a NN  |a NNC  |a NRU  |a NcD  |a NcRS  |a NcU  |a NjMuA  |a NjR  |a NvU  |a OCU  |a OrU  |a OrU-S  |a PBL  |a PU  |a TU  |a TU-M  |a TxLT  |a UU  |a ViBlbV  |a ViW  |a WU  |a WaU 
949 |a updated  |b h  |c 2010/7/7  |e spoltoratski  |f 10:45:24 am  |g m 
994 |a C0  |b TXA 
999 |a MARS 
999 f f |s cae06e6b-be61-3885-a43d-4c7b8781d633  |i 6fa6193e-9ba3-3174-8879-f333b8fd358b  |t 0 
952 f f |p ric  |a Texas A&M University  |b Rellis Campus  |c Joint Library Facility  |d Remote Storage  |t 0  |e QD471 .M3  |h Library of Congress classification  |i unmediated -- volume  |k v.183:no.4-6  |l 1982  |m A14812287576 
952 f f |p ric  |a Texas A&M University  |b Rellis Campus  |c Joint Library Facility  |d Remote Storage  |t 0  |e QD471 .M3  |h Library of Congress classification  |i unmediated -- volume  |k v.192:no.4-6  |l 1991  |m A14815068858 
952 f f |p ric  |a Texas A&M University  |b Rellis Campus  |c Joint Library Facility  |d Remote Storage  |t 0  |e QD471 .M3  |h Library of Congress classification  |i unmediated -- volume  |k Bd.176:no.7-9  |l 1975  |m A14813862565 
952 f f |p ric  |a Texas A&M University  |b Rellis Campus  |c Joint Library Facility  |d Remote Storage  |t 0  |e QD471 .M3  |h Library of Congress classification  |i unmediated -- volume  |k Bd.172-174  |l 1973:Nov.-Dez.  |m A14838642778 
952 f f |p ric  |a Texas A&M University  |b Rellis Campus  |c Joint Library Facility  |d Remote Storage  |t 0  |e QD471 .M3  |h Library of Congress classification  |i unmediated -- volume  |k v.193:no.7-9  |l 1992-1993  |m A14817154469 
952 f f |p ric  |a Texas A&M University  |b Rellis Campus  |c Joint Library Facility  |d Remote Storage  |t 0  |e QD471 .M3  |h Library of Congress classification  |i unmediated -- volume  |k v.190:no.4-6  |l 1989  |m A14812065916 
952 f f |p ric  |a Texas A&M University  |b Rellis Campus  |c Joint Library Facility  |d Remote Storage  |t 0  |e QD471 .M3  |h Library of Congress classification  |i unmediated -- volume  |k Bd.53-56  |l 1962:Marz-Okt.  |m A14838642396 
952 f f |p ric  |a Texas A&M University  |b Rellis Campus  |c Joint Library Facility  |d Remote Storage  |t 0  |e QD471 .M3  |h Library of Congress classification  |i unmediated -- volume  |k Bd.40-41  |l 1960:Aug.-Nov.  |m A14838642346 
952 f f |p ric  |a Texas A&M University  |b Rellis Campus  |c Joint Library Facility  |d Remote Storage  |t 0  |e QD471 .M3  |h Library of Congress classification  |i unmediated -- volume  |k Bd.143-144  |l 1971  |m A14824185366 
952 f f |p ric  |a Texas A&M University  |b Rellis Campus  |c Joint Library Facility  |d Remote Storage  |t 0  |e QD471 .M3  |h Library of Congress classification  |i unmediated -- volume  |k Bd.178:no.10-12  |l 1977:Oct.-Dec.  |m A14838642859 
952 f f |p ric  |a Texas A&M University  |b Rellis Campus  |c Joint Library Facility  |d Remote Storage  |t 0  |e QD471 .M3  |h Library of Congress classification  |i unmediated -- volume  |k Bd.105-107  |l 1967:Juli-Aug.  |m A14838642540 
952 f f |p ric  |a Texas A&M University  |b Rellis Campus  |c Joint Library Facility  |d Remote Storage  |t 0  |e QD471 .M3  |h Library of Congress classification  |i unmediated -- volume  |k v.187:no.4-6  |l 1986  |m A14812286863 
952 f f |p ric  |a Texas A&M University  |b Rellis Campus  |c Joint Library Facility  |d Remote Storage  |t 0  |e QD471 .M3  |h Library of Congress classification  |i unmediated -- volume  |k Bd.180:no.10-12  |l 1979  |m A14812158280 
952 f f |p ric  |a Texas A&M University  |b Rellis Campus  |c Joint Library Facility  |d Remote Storage  |t 0  |e QD471 .M3  |h Library of Congress classification  |i unmediated -- volume  |k v.185:no.10-12  |l 1984  |m A14812287160 
952 f f |p ric  |a Texas A&M University  |b Rellis Campus  |c Joint Library Facility  |d Remote Storage  |t 0  |e QD471 .M3  |h Library of Congress classification  |i unmediated -- volume  |k Bd.169-171  |l 1973  |m A14828087104 
952 f f |p ric  |a Texas A&M University  |b Rellis Campus  |c Joint Library Facility  |d Remote Storage  |t 0  |e QD471 .M3  |h Library of Congress classification  |i unmediated -- volume  |k Bd.90-92  |l 1966:Jan.-Marz  |m A14838642493 
952 f f |p ric  |a Texas A&M University  |b Rellis Campus  |c Joint Library Facility  |d Remote Storage  |t 0  |e QD471 .M3  |h Library of Congress classification  |i unmediated -- volume  |k Bd.145-146  |l 1971:Juli  |m A14838642697 
952 f f |p ric  |a Texas A&M University  |b Rellis Campus  |c Joint Library Facility  |d Remote Storage  |t 0  |e QD471 .M3  |h Library of Congress classification  |i unmediated -- volume  |k v.187:no.7-9  |l 1986  |m A14812287306 
952 f f |p ric  |a Texas A&M University  |b Rellis Campus  |c Joint Library Facility  |d Remote Storage  |t 0  |e QD471 .M3  |h Library of Congress classification  |i unmediated -- volume  |k Bd.181:no.1-3  |l 1980:Jan.-Marz  |m A14838642906 
952 f f |p ric  |a Texas A&M University  |b Rellis Campus  |c Joint Library Facility  |d Remote Storage  |t 0  |e QD471 .M3  |h Library of Congress classification  |i unmediated -- volume  |k Bd.129-130  |l 1969  |m A14828090547 
952 f f |p ric  |a Texas A&M University  |b Rellis Campus  |c Joint Library Facility  |d Remote Storage  |t 0  |e QD471 .M3  |h Library of Congress classification  |i unmediated -- volume  |k Bd.123-124  |l 1969:Apr.-Mai  |m A14838642613 
952 f f |p ric  |a Texas A&M University  |b Rellis Campus  |c Joint Library Facility  |d Remote Storage  |t 0  |e QD471 .M3  |h Library of Congress classification  |i unmediated -- volume  |k v.188:no.1-3  |l 1987  |m A14812286813 
952 f f |p ric  |a Texas A&M University  |b Rellis Campus  |c Joint Library Facility  |d Remote Storage  |t 0  |e QD471 .M3  |h Library of Congress classification  |i unmediated -- volume  |k v.186:no.4-6  |l 1985  |m A14812287013 
952 f f |p ric  |a Texas A&M University  |b Rellis Campus  |c Joint Library Facility  |d Remote Storage  |t 0  |e QD471 .M3  |h Library of Congress classification  |i unmediated -- volume  |k Bd.7-8  |l 1951:Juli-1952:Okt.  |m A14838642207 
952 f f |p ric  |a Texas A&M University  |b Rellis Campus  |c Joint Library Facility  |d Remote Storage  |t 0  |e QD471 .M3  |h Library of Congress classification  |i unmediated -- volume  |k v.188:no.10-12  |l 1987  |m A14812286716 
952 f f |p ric  |a Texas A&M University  |b Rellis Campus  |c Joint Library Facility  |d Remote Storage  |t 0  |e QD471 .M3  |h Library of Congress classification  |i unmediated -- volume  |k v.187:no.10-12  |l 1986  |m A14812287275 
952 f f |p ric  |a Texas A&M University  |b Rellis Campus  |c Joint Library Facility  |d Remote Storage  |t 0  |e QD471 .M3  |h Library of Congress classification  |i unmediated -- volume  |k v.188:Index  |l 1987  |m A14811815156 
952 f f |p ric  |a Texas A&M University  |b Rellis Campus  |c Joint Library Facility  |d Remote Storage  |t 0  |e QD471 .M3  |h Library of Congress classification  |i unmediated -- volume  |k Bd.175:no.10-12  |l 1974:Okt.-Dez.  |m A14838642825 
952 f f |p ric  |a Texas A&M University  |b Rellis Campus  |c Joint Library Facility  |d Remote Storage  |t 0  |e QD471 .M3  |h Library of Congress classification  |i unmediated -- volume  |k v.182:no.4-6  |l 1981  |m A14812287322 
952 f f |p ric  |a Texas A&M University  |b Rellis Campus  |c Joint Library Facility  |d Remote Storage  |t 0  |e QD471 .M3  |h Library of Congress classification  |i unmediated -- volume  |k v.194:no.4-6  |l 1993  |m A14817205472 
952 f f |p ric  |a Texas A&M University  |b Rellis Campus  |c Joint Library Facility  |d Remote Storage  |t 0  |e QD471 .M3  |h Library of Congress classification  |i unmediated -- volume  |k Bd.30-31  |l 1959:Apr.-Juni  |m A14838642281 
952 f f |p ric  |a Texas A&M University  |b Rellis Campus  |c Joint Library Facility  |d Remote Storage  |t 0  |e QD471 .M3  |h Library of Congress classification  |i unmediated -- volume  |k Bd.28-29  |l 1958:Sept.-1959:Marz  |m A14838642273 
952 f f |p ric  |a Texas A&M University  |b Rellis Campus  |c Joint Library Facility  |d Remote Storage  |t 0  |e QD471 .M3  |h Library of Congress classification  |i unmediated -- volume  |k Bd.34-35  |l 1959:Okt.-1960:Jan.  |m A14838642304 
952 f f |p ric  |a Texas A&M University  |b Rellis Campus  |c Joint Library Facility  |d Remote Storage  |t 0  |e QD471 .M3  |h Library of Congress classification  |i unmediated -- volume  |k v.194:no.10-12  |l 1993  |m A14817876833 
952 f f |p ric  |a Texas A&M University  |b Rellis Campus  |c Joint Library Facility  |d Remote Storage  |t 0  |e QD471 .M3  |h Library of Congress classification  |i unmediated -- volume  |k Bd.115-116  |l 1968:Juni-Aug.  |m A14838642582 
952 f f |p ric  |a Texas A&M University  |b Rellis Campus  |c Joint Library Facility  |d Remote Storage  |t 0  |e QD471 .M3  |h Library of Congress classification  |i unmediated -- volume  |k Bd.181:no.7-9  |l 1980:Juli-Sept.  |m A14838642914 
952 f f |p ric  |a Texas A&M University  |b Rellis Campus  |c Joint Library Facility  |d Remote Storage  |t 0  |e QD471 .M3  |h Library of Congress classification  |i unmediated -- volume  |k Bd.32-33  |l 1959:Juli-Nov.  |m A14838642299 
952 f f |p ric  |a Texas A&M University  |b Rellis Campus  |c Joint Library Facility  |d Remote Storage  |t 0  |e QD471 .M3  |h Library of Congress classification  |i unmediated -- volume  |k Bd.20-21  |l 1956:Apr.-Dez.  |m A14838642257 
952 f f |p ric  |a Texas A&M University  |b Rellis Campus  |c Joint Library Facility  |d Remote Storage  |t 0  |e QD471 .M3  |h Library of Congress classification  |i unmediated -- volume  |k Bd.3-4  |l 1949:Jan.-1950:Feb.  |m A14838642184 
952 f f |p ric  |a Texas A&M University  |b Rellis Campus  |c Joint Library Facility  |d Remote Storage  |t 0  |e QD471 .M3  |h Library of Congress classification  |i unmediated -- volume  |k Bd.175:no.5-6  |l 1974:Mai-Juni  |m A14838642809 
952 f f |p ric  |a Texas A&M University  |b Rellis Campus  |c Joint Library Facility  |d Remote Storage  |t 0  |e QD471 .M3  |h Library of Congress classification  |i unmediated -- volume  |k v.184:no.4-6  |l 1983  |m A14812287770 
952 f f |p ric  |a Texas A&M University  |b Rellis Campus  |c Joint Library Facility  |d Remote Storage  |t 0  |e QD471 .M3  |h Library of Congress classification  |i unmediated -- volume  |k Bd.160-162  |l 1972  |m A14838642744 
952 f f |p ric  |a Texas A&M University  |b Rellis Campus  |c Joint Library Facility  |d Remote Storage  |t 0  |e QD471 .M3  |h Library of Congress classification  |i unmediated -- volume  |k Bd.11-12  |l 1953:Okt.-1954:Juli  |m A14838642223 
952 f f |p ric  |a Texas A&M University  |b Rellis Campus  |c Joint Library Facility  |d Remote Storage  |t 0  |e QD471 .M3  |h Library of Congress classification  |i unmediated -- volume  |k Bd.175:no.1-2  |l 1974:Jan.-Feb.  |m A14838642786 
952 f f |p ric  |a Texas A&M University  |b Rellis Campus  |c Joint Library Facility  |d Remote Storage  |t 0  |e QD471 .M3  |h Library of Congress classification  |i unmediated -- volume  |k Bd.179:no.10-12  |l 1978:Oct.-Dec.  |m A14828087112 
952 f f |p ric  |a Texas A&M University  |b Rellis Campus  |c Joint Library Facility  |d Remote Storage  |t 0  |e QD471 .M3  |h Library of Congress classification  |i unmediated -- volume  |k Bd.149-150  |l 1971:Okt.-Dez.  |m A14838642710 
952 f f |p ric  |a Texas A&M University  |b Rellis Campus  |c Joint Library Facility  |d Remote Storage  |t 0  |e QD471 .M3  |h Library of Congress classification  |i unmediated -- volume  |k v.189:no.10-12  |l 1988  |m A14811815017 
952 f f |p ric  |a Texas A&M University  |b Rellis Campus  |c Joint Library Facility  |d Remote Storage  |t 0  |e QD471 .M3  |h Library of Congress classification  |i unmediated -- volume  |k Bd.17-19  |l 1955:Dez.-1956:Marz  |m A14820314044 
952 f f |p ric  |a Texas A&M University  |b Rellis Campus  |c Joint Library Facility  |d Remote Storage  |t 0  |e QD471 .M3  |h Library of Congress classification  |i unmediated -- volume  |k Bd.117-118  |l 1968  |m A14818548784 
952 f f |p ric  |a Texas A&M University  |b Rellis Campus  |c Joint Library Facility  |d Remote Storage  |t 0  |e QD471 .M3  |h Library of Congress classification  |i unmediated -- volume  |k v.189:no.4-6  |l 1988  |m A14811814914 
952 f f |p ric  |a Texas A&M University  |b Rellis Campus  |c Joint Library Facility  |d Remote Storage  |t 0  |e QD471 .M3  |h Library of Congress classification  |i unmediated -- volume  |k Bd.179:no.7-9  |l 1978:Juli-Sept.  |m A14838642883 
952 f f |p ric  |a Texas A&M University  |b Rellis Campus  |c Joint Library Facility  |d Remote Storage  |t 0  |e QD471 .M3  |h Library of Congress classification  |i unmediated -- volume  |k v.187:no.1-3  |l 1986  |m A14812286910 
952 f f |p ric  |a Texas A&M University  |b Rellis Campus  |c Joint Library Facility  |d Remote Storage  |t 0  |e QD471 .M3  |h Library of Congress classification  |i unmediated -- volume  |k Bd.49-52  |l 1961:Okt.-1962:Apr.  |m A14838642388 
952 f f |p ric  |a Texas A&M University  |b Rellis Campus  |c Joint Library Facility  |d Remote Storage  |t 0  |e QD471 .M3  |h Library of Congress classification  |i unmediated -- volume  |k v.183:no.1-3  |l 1982  |m A14812287526 
952 f f |p ric  |a Texas A&M University  |b Rellis Campus  |c Joint Library Facility  |d Remote Storage  |t 0  |e QD471 .M3  |h Library of Congress classification  |i unmediated -- volume  |k v.194:no.7-9  |l 1993  |m A14817248917 
952 f f |p ric  |a Texas A&M University  |b Rellis Campus  |c Joint Library Facility  |d Remote Storage  |t 0  |e QD471 .M3  |h Library of Congress classification  |i unmediated -- volume  |k v.192:Index  |l 1991  |m A14825283654 
952 f f |p ric  |a Texas A&M University  |b Rellis Campus  |c Joint Library Facility  |d Remote Storage  |t 0  |e QD471 .M3  |h Library of Congress classification  |i unmediated -- volume  |k Bd.57-59  |l 1962:Okt.-1963:Jan.  |m A14838642401 
952 f f |p ric  |a Texas A&M University  |b Rellis Campus  |c Joint Library Facility  |d Remote Storage  |t 0  |e QD471 .M3  |h Library of Congress classification  |i unmediated -- volume  |k Bd.180:no.1-3  |l 1979:Jan.-Marz  |m A14838642891 
952 f f |p ric  |a Texas A&M University  |b Rellis Campus  |c Joint Library Facility  |d Remote Storage  |t 0  |e QD471 .M3  |h Library of Congress classification  |i unmediated -- volume  |k v.190:no.1-3  |l 1989  |m A14812065869 
952 f f |p ric  |a Texas A&M University  |b Rellis Campus  |c Joint Library Facility  |d Remote Storage  |t 0  |e QD471 .M3  |h Library of Congress classification  |i unmediated -- volume  |k v.188:no.7-9  |l 1987  |m A14812287178 
952 f f |p ric  |a Texas A&M University  |b Rellis Campus  |c Joint Library Facility  |d Remote Storage  |t 0  |e QD471 .M3  |h Library of Congress classification  |i unmediated -- volume  |k Bd.42-43  |l 1960:Nov.-1961:Marz  |m A14838642354 
952 f f |p ric  |a Texas A&M University  |b Rellis Campus  |c Joint Library Facility  |d Remote Storage  |t 0  |e QD471 .M3  |h Library of Congress classification  |i unmediated -- volume  |k Bd.125-126  |l 1969:Juni-Juli  |m A14838642621 
952 f f |p ric  |a Texas A&M University  |b Rellis Campus  |c Joint Library Facility  |d Remote Storage  |t 0  |e QD471 .M3  |h Library of Congress classification  |i unmediated -- volume  |k v.191:no.10-12  |l 1990  |m A14815068947 
952 f f |p ric  |a Texas A&M University  |b Rellis Campus  |c Joint Library Facility  |d Remote Storage  |t 0  |e QD471 .M3  |h Library of Congress classification  |i unmediated -- volume  |k v.189:no.7-9  |l 1988  |m A14811814964 
952 f f |p ric  |a Texas A&M University  |b Rellis Campus  |c Joint Library Facility  |d Remote Storage  |t 0  |e QD471 .M3  |h Library of Congress classification  |i unmediated -- volume  |k v.184:no.10-12  |l 1983  |m A14812287835 
952 f f |p ric  |a Texas A&M University  |b Rellis Campus  |c Joint Library Facility  |d Remote Storage  |t 0  |e QD471 .M3  |h Library of Congress classification  |i unmediated -- volume  |k Bd.175:no.3-4  |l 1974:Mar.-Apr.  |m A14838642794 
952 f f |p ric  |a Texas A&M University  |b Rellis Campus  |c Joint Library Facility  |d Remote Storage  |t 0  |e QD471 .M3  |h Library of Congress classification  |i unmediated -- volume  |k Bd.177:no.1-3  |l 1976  |m A14838505950 
952 f f |p ric  |a Texas A&M University  |b Rellis Campus  |c Joint Library Facility  |d Remote Storage  |t 0  |e QD471 .M3  |h Library of Congress classification  |i unmediated -- volume  |k Bd.179:no.4-6  |l 1978:Apr.-Juni  |m A14838642875 
952 f f |p ric  |a Texas A&M University  |b Rellis Campus  |c Joint Library Facility  |d Remote Storage  |t 0  |e QD471 .M3  |h Library of Congress classification  |i unmediated -- volume  |k Bd.176:no.4-6  |l 1975:Apr.-Juni  |m A14838642833 
952 f f |p ric  |a Texas A&M University  |b Rellis Campus  |c Joint Library Facility  |d Remote Storage  |t 0  |e QD471 .M3  |h Library of Congress classification  |i unmediated -- volume  |k Bd.111-112  |l 1968:Feb.-Marz  |m A14838642566 
952 f f |p ric  |a Texas A&M University  |b Rellis Campus  |c Joint Library Facility  |d Remote Storage  |t 0  |e QD471 .M3  |h Library of Congress classification  |i unmediated -- volume  |k Bd.141-142  |l 1971:Feb.-Marz  |m A14838642689 
952 f f |p ric  |a Texas A&M University  |b Rellis Campus  |c Joint Library Facility  |d Remote Storage  |t 0  |e QD471 .M3  |h Library of Congress classification  |i unmediated -- volume  |k v.189:no.1-3  |l 1988  |m A14812286669 
952 f f |p ric  |a Texas A&M University  |b Rellis Campus  |c Joint Library Facility  |d Remote Storage  |t 0  |e QD471 .M3  |h Library of Congress classification  |i unmediated -- volume  |k Bd.127-128  |l 1969:Sept.-Okt.  |m A14838642639 
952 f f |p ric  |a Texas A&M University  |b Rellis Campus  |c Joint Library Facility  |d Remote Storage  |t 0  |e QD471 .M3  |h Library of Congress classification  |i unmediated -- volume  |k Bd.13-14  |l 1954:Sept.-Dez.  |m A14838642231 
952 f f |p ric  |a Texas A&M University  |b Rellis Campus  |c Joint Library Facility  |d Remote Storage  |t 0  |e QD471 .M3  |h Library of Congress classification  |i unmediated -- volume  |k Bd.151-153  |l 1972:Jan.-Marz  |m A14838642728 
952 f f |p ric  |a Texas A&M University  |b Rellis Campus  |c Joint Library Facility  |d Remote Storage  |t 0  |e QD471 .M3  |h Library of Congress classification  |i unmediated -- volume  |k Bd.36-37  |l 1959:Dez.-1960:Marz  |m A14838642320 
952 f f |p ric  |a Texas A&M University  |b Rellis Campus  |c Joint Library Facility  |d Remote Storage  |t 0  |e QD471 .M3  |h Library of Congress classification  |i unmediated -- volume  |k Bd.108-110  |l 1967:Okt.-Dez.  |m A14838642558 
952 f f |p ric  |a Texas A&M University  |b Rellis Campus  |c Joint Library Facility  |d Remote Storage  |t 0  |e QD471 .M3  |h Library of Congress classification  |i unmediated -- volume  |k v.185:no.4-6  |l 1984  |m A14812287267 
952 f f |p ric  |a Texas A&M University  |b Rellis Campus  |c Joint Library Facility  |d Remote Storage  |t 0  |e QD471 .M3  |h Library of Congress classification  |i unmediated -- volume  |k v.191:no.4-6  |l 1990  |m A14815068840 
952 f f |p ric  |a Texas A&M University  |b Rellis Campus  |c Joint Library Facility  |d Remote Storage  |t 0  |e QD471 .M3  |h Library of Congress classification  |i unmediated -- volume  |k v.191:no.1-3  |l 1990  |m A14815077700 
952 f f |p ric  |a Texas A&M University  |b Rellis Campus  |c Joint Library Facility  |d Remote Storage  |t 0  |e QD471 .M3  |h Library of Congress classification  |i unmediated -- volume  |k Bd.163-165  |l 1973:Jan.-Marz  |m A14838642752 
952 f f |p ric  |a Texas A&M University  |b Rellis Campus  |c Joint Library Facility  |d Remote Storage  |t 0  |e QD471 .M3  |h Library of Congress classification  |i unmediated -- volume  |k Bd.87-89  |l 1965:Okt.-Nov.  |m A14838642485 
952 f f |p ric  |a Texas A&M University  |b Rellis Campus  |c Joint Library Facility  |d Remote Storage  |t 0  |e QD471 .M3  |h Library of Congress classification  |i unmediated -- volume  |k Bd.131-132  |l 1970  |m A14811122862 
952 f f |p ric  |a Texas A&M University  |b Rellis Campus  |c Joint Library Facility  |d Remote Storage  |t 0  |e QD471 .M3  |h Library of Congress classification  |i unmediated -- volume  |k Bd.93-95  |l 1966:Apr.-Juni  |m A14838642508 
952 f f |p ric  |a Texas A&M University  |b Rellis Campus  |c Joint Library Facility  |d Remote Storage  |t 0  |e QD471 .M3  |h Library of Congress classification  |i unmediated -- volume  |k Bd.5-6  |l 1950:Juni-1951:Marz  |m A14838642192 
952 f f |p ric  |a Texas A&M University  |b Rellis Campus  |c Joint Library Facility  |d Remote Storage  |t 0  |e QD471 .M3  |h Library of Congress classification  |i unmediated -- volume  |k v.185:no.7-9  |l 1984  |m A14812287217 
952 f f |p ric  |a Texas A&M University  |b Rellis Campus  |c Joint Library Facility  |d Remote Storage  |t 0  |e QD471 .M3  |h Library of Congress classification  |i unmediated -- volume  |k Bd.35A  |l 1960:Juli/Aug.  |m A14838642312 
952 f f |p ric  |a Texas A&M University  |b Rellis Campus  |c Joint Library Facility  |d Remote Storage  |t 0  |e QD471 .M3  |h Library of Congress classification  |i unmediated -- volume  |k v.190:Index  |l 1989  |m A14816090599 
952 f f |p ric  |a Texas A&M University  |b Rellis Campus  |c Joint Library Facility  |d Remote Storage  |t 0  |e QD471 .M3  |h Library of Congress classification  |i unmediated -- volume  |k v.190:no.10-12  |l 1989  |m A14812066019 
952 f f |p ric  |a Texas A&M University  |b Rellis Campus  |c Joint Library Facility  |d Remote Storage  |t 0  |e QD471 .M3  |h Library of Congress classification  |i unmediated -- volume  |k Bd.77-80  |l 1964:Aug.-Dec.  |m A14838642451 
952 f f |p ric  |a Texas A&M University  |b Rellis Campus  |c Joint Library Facility  |d Remote Storage  |t 0  |e QD471 .M3  |h Library of Congress classification  |i unmediated -- volume  |k Bd.175:no.7-9  |l 1974:Juli-Sept.  |m A14838642817 
952 f f |p ric  |a Texas A&M University  |b Rellis Campus  |c Joint Library Facility  |d Remote Storage  |t 0  |e QD471 .M3  |h Library of Congress classification  |i unmediated -- volume  |k Bd.178:no.1-3  |l 1977:Jan.-Mar.  |m A14828088469 
952 f f |p ric  |a Texas A&M University  |b Rellis Campus  |c Joint Library Facility  |d Remote Storage  |t 0  |e QD471 .M3  |h Library of Congress classification  |i unmediated -- volume  |k Bd.133-134  |l 1970:Apr.-Mai  |m A14838642647 
952 f f |p ric  |a Texas A&M University  |b Rellis Campus  |c Joint Library Facility  |d Remote Storage  |t 0  |e QD471 .M3  |h Library of Congress classification  |i unmediated -- volume  |k Bd.139-140  |l 1970:Nov.-Dez.  |m A14838642671 
952 f f |p ric  |a Texas A&M University  |b Rellis Campus  |c Joint Library Facility  |d Remote Storage  |t 0  |e QD471 .M3  |h Library of Congress classification  |i unmediated -- volume  |k Bd.177:no.7-9  |l 1976  |m A14838505976 
952 f f |p ric  |a Texas A&M University  |b Rellis Campus  |c Joint Library Facility  |d Remote Storage  |t 0  |e QD471 .M3  |h Library of Congress classification  |i unmediated -- volume  |k Bd.135-136  |l 1970:Juni-Juli  |m A14838642655 
952 f f |p ric  |a Texas A&M University  |b Rellis Campus  |c Joint Library Facility  |d Remote Storage  |t 0  |e QD471 .M3  |h Library of Congress classification  |i unmediated -- volume  |k Bd.166-168  |l 1973:Mai-Juli  |m A14838642760 
952 f f |p ric  |a Texas A&M University  |b Rellis Campus  |c Joint Library Facility  |d Remote Storage  |t 0  |e QD471 .M3  |h Library of Congress classification  |i unmediated -- volume  |k Bd.102-104  |l 1967:Marz-Mai  |m A14838642532 
952 f f |p ric  |a Texas A&M University  |b Rellis Campus  |c Joint Library Facility  |d Remote Storage  |t 0  |e QD471 .M3  |h Library of Congress classification  |i unmediated -- volume  |k v.182:no.10-12  |l 1981  |m A14812287479 
952 f f |p ric  |a Texas A&M University  |b Rellis Campus  |c Joint Library Facility  |d Remote Storage  |t 0  |e QD471 .M3  |h Library of Congress classification  |i unmediated -- volume  |k v.185:no.1-3  |l 1984  |m A14812287063 
952 f f |p ric  |a Texas A&M University  |b Rellis Campus  |c Joint Library Facility  |d Remote Storage  |t 0  |e QD471 .M3  |h Library of Congress classification  |i unmediated -- volume  |k Bd.26-27  |l 1958:Marz-Juli  |m A14813818948 
952 f f |p ric  |a Texas A&M University  |b Rellis Campus  |c Joint Library Facility  |d Remote Storage  |t 0  |e QD471 .M3  |h Library of Congress classification  |i unmediated -- volume  |k Bd.1-2  |l 1947:Sept.-1948:Okt.  |m A14810762229 
952 f f |p ric  |a Texas A&M University  |b Rellis Campus  |c Joint Library Facility  |d Remote Storage  |t 0  |e QD471 .M3  |h Library of Congress classification  |i unmediated -- volume  |k Bd.147-148  |l 1971:Aug.-Okt.  |m A14838642702 
952 f f |p ric  |a Texas A&M University  |b Rellis Campus  |c Joint Library Facility  |d Remote Storage  |t 0  |e QD471 .M3  |h Library of Congress classification  |i unmediated -- volume  |k Bd.84-86  |l 1965:Marz-Aug.  |m A14838642477 
952 f f |p ric  |a Texas A&M University  |b Rellis Campus  |c Joint Library Facility  |d Remote Storage  |t 0  |e QD471 .M3  |h Library of Congress classification  |i unmediated -- volume  |k v.192:no.7-9  |l 1991  |m A14815339869 
952 f f |p ric  |a Texas A&M University  |b Rellis Campus  |c Joint Library Facility  |d Remote Storage  |t 0  |e QD471 .M3  |h Library of Congress classification  |i unmediated -- volume  |k Bd.181:no.10-12  |l 1980:Okt.-Dez.  |m A14838642922 
952 f f |p ric  |a Texas A&M University  |b Rellis Campus  |c Joint Library Facility  |d Remote Storage  |t 0  |e QD471 .M3  |h Library of Congress classification  |i unmediated -- volume  |k v.193:Index  |l 1992  |m A14825283557 
952 f f |p ric  |a Texas A&M University  |b Rellis Campus  |c Joint Library Facility  |d Remote Storage  |t 0  |e QD471 .M3  |h Library of Congress classification  |i unmediated -- volume  |k Bd.15-16  |l 1955:Jan.-Okt.  |m A14838642249 
952 f f |p ric  |a Texas A&M University  |b Rellis Campus  |c Joint Library Facility  |d Remote Storage  |t 0  |e QD471 .M3  |h Library of Congress classification  |i unmediated -- volume  |k v.193:no.1-3  |l 1992  |m A14817175897 
952 f f |p ric  |a Texas A&M University  |b Rellis Campus  |c Joint Library Facility  |d Remote Storage  |t 0  |e QD471 .M3  |h Library of Congress classification  |i unmediated -- volume  |k v.193:no.4-6  |l 1992  |m A14817154451 
952 f f |p ric  |a Texas A&M University  |b Rellis Campus  |c Joint Library Facility  |d Remote Storage  |t 0  |e QD471 .M3  |h Library of Congress classification  |i unmediated -- volume  |k v.183:no.7-9  |l 1982  |m A14812287623 
952 f f |p ric  |a Texas A&M University  |b Rellis Campus  |c Joint Library Facility  |d Remote Storage  |t 0  |e QD471 .M3  |h Library of Congress classification  |i unmediated -- volume  |k Bd.177:no.10-12  |l 1976  |m A14838505984 
952 f f |p ric  |a Texas A&M University  |b Rellis Campus  |c Joint Library Facility  |d Remote Storage  |t 0  |e QD471 .M3  |h Library of Congress classification  |i unmediated -- volume  |k v.188:no.4-6  |l 1987  |m A14812286766 
952 f f |p ric  |a Texas A&M University  |b Rellis Campus  |c Joint Library Facility  |d Remote Storage  |t 0  |e QD471 .M3  |h Library of Congress classification  |i unmediated -- volume  |k v.182:no.1-3  |l 1981  |m A14812287372 
952 f f |p ric  |a Texas A&M University  |b Rellis Campus  |c Joint Library Facility  |d Remote Storage  |t 0  |e QD471 .M3  |h Library of Congress classification  |i unmediated -- volume  |k v.194:no.1-3  |l 1993  |m A14817154485 
952 f f |p ric  |a Texas A&M University  |b Rellis Campus  |c Joint Library Facility  |d Remote Storage  |t 0  |e QD471 .M3  |h Library of Congress classification  |i unmediated -- volume  |k v.192:no.1-3  |l 1991  |m A14815068997 
952 f f |p ric  |a Texas A&M University  |b Rellis Campus  |c Joint Library Facility  |d Remote Storage  |t 0  |e QD471 .M3  |h Library of Congress classification  |i unmediated -- volume  |k Bd.180:no.7-9  |l 1979:Juli-Sept.  |m A14812189621 
952 f f |p ric  |a Texas A&M University  |b Rellis Campus  |c Joint Library Facility  |d Remote Storage  |t 0  |e QD471 .M3  |h Library of Congress classification  |i unmediated -- volume  |k Bd.98-99  |l 1966  |m A14818548750 
952 f f |p ric  |a Texas A&M University  |b Rellis Campus  |c Joint Library Facility  |d Remote Storage  |t 0  |e QD471 .M3  |h Library of Congress classification  |i unmediated -- volume  |k Bd.22-23  |l 1957:Jan.-Marz  |m A14823488737 
952 f f |p ric  |a Texas A&M University  |b Rellis Campus  |c Joint Library Facility  |d Remote Storage  |t 0  |e QD471 .M3  |h Library of Congress classification  |i unmediated -- volume  |k Bd.60-62  |l 1963:Feb.-Apr.  |m A14838642419 
952 f f |p ric  |a Texas A&M University  |b Rellis Campus  |c Joint Library Facility  |d Remote Storage  |t 0  |e QD471 .M3  |h Library of Congress classification  |i unmediated -- volume  |k Bd.96-97  |l 1966:Juli-Sept.  |m A14838642516 
952 f f |p ric  |a Texas A&M University  |b Rellis Campus  |c Joint Library Facility  |d Remote Storage  |t 0  |e QD471 .M3  |h Library of Congress classification  |i unmediated -- volume  |k v.193:no.10-12  |l 1992  |m A14817154477 
952 f f |p ric  |a Texas A&M University  |b Rellis Campus  |c Joint Library Facility  |d Remote Storage  |t 0  |e QD471 .M3  |h Library of Congress classification  |i unmediated -- volume  |k Bd.9-10  |l 1952:Dez.-1953:Sept.  |m A14838642215 
952 f f |p ric  |a Texas A&M University  |b Rellis Campus  |c Joint Library Facility  |d Remote Storage  |t 0  |e QD471 .M3  |h Library of Congress classification  |i unmediated -- volume  |k Bd.137-138  |l 1970:Aug.-Okt.  |m A14838642663 
952 f f |p ric  |a Texas A&M University  |b Rellis Campus  |c Joint Library Facility  |d Remote Storage  |t 0  |e QD471 .M3  |h Library of Congress classification  |i unmediated -- volume  |k Bd.38-39  |l 1960:Juni-Aug.  |m A14838642338 
952 f f |p ric  |a Texas A&M University  |b Rellis Campus  |c Joint Library Facility  |d Remote Storage  |t 0  |e QD471 .M3  |h Library of Congress classification  |i unmediated -- volume  |k Bd.177:no.4-6  |l 1976  |m A14838505968 
952 f f |p ric  |a Texas A&M University  |b Rellis Campus  |c Joint Library Facility  |d Remote Storage  |t 0  |e QD471 .M3  |h Library of Congress classification  |i unmediated -- volume  |k Bd.176:no.1-3  |l 1975  |m A14813864486 
952 f f |p ric  |a Texas A&M University  |b Rellis Campus  |c Joint Library Facility  |d Remote Storage  |t 0  |e QD471 .M3  |h Library of Congress classification  |i unmediated -- volume  |k v.184:no.1-4  |l 1983  |m A14812287720 
952 f f |p ric  |a Texas A&M University  |b Rellis Campus  |c Joint Library Facility  |d Remote Storage  |t 0  |e QD471 .M3  |h Library of Congress classification  |i unmediated -- volume  |k Bd.181:no.4-6  |l 1980  |m A14823490904 
952 f f |p ric  |a Texas A&M University  |b Rellis Campus  |c Joint Library Facility  |d Remote Storage  |t 0  |e QD471 .M3  |h Library of Congress classification  |i unmediated -- volume  |k Bd.178:no.4-6  |l 1977  |m A14821481153 
952 f f |p ric  |a Texas A&M University  |b Rellis Campus  |c Joint Library Facility  |d Remote Storage  |t 0  |e QD471 .M3  |h Library of Congress classification  |i unmediated -- volume  |k Bd.100-101  |l 1967:Jan.-Marz  |m A14838642524 
952 f f |p ric  |a Texas A&M University  |b Rellis Campus  |c Joint Library Facility  |d Remote Storage  |t 0  |e QD471 .M3  |h Library of Congress classification  |i unmediated -- volume  |k Bd.180:no.4-6  |l 1979:Apr.-Juni  |m A14812159951 
952 f f |p ric  |a Texas A&M University  |b Rellis Campus  |c Joint Library Facility  |d Remote Storage  |t 0  |e QD471 .M3  |h Library of Congress classification  |i unmediated -- volume  |k Bd.73-76  |l 1964:Apr.-Juli  |m A14838642443 
952 f f |p ric  |a Texas A&M University  |b Rellis Campus  |c Joint Library Facility  |d Remote Storage  |t 0  |e QD471 .M3  |h Library of Congress classification  |i unmediated -- volume  |k v.186:no.10-12  |l 1985  |m A14812287225 
952 f f |p ric  |a Texas A&M University  |b Rellis Campus  |c Joint Library Facility  |d Remote Storage  |t 0  |e QD471 .M3  |h Library of Congress classification  |i unmediated -- volume  |k Bd.157-159  |l 1972:Juli-Sept.  |m A14838642736 
952 f f |p ric  |a Texas A&M University  |b Rellis Campus  |c Joint Library Facility  |d Remote Storage  |t 0  |e QD471 .M3  |h Library of Congress classification  |i unmediated -- volume  |k Bd.81-83  |l 1965:Jan.-Apr.  |m A14838642469 
952 f f |p ric  |a Texas A&M University  |b Rellis Campus  |c Joint Library Facility  |d Remote Storage  |t 0  |e QD471 .M3  |h Library of Congress classification  |i unmediated -- volume  |k v.190:no.7-9  |l 1989  |m A14812065966 
952 f f |p ric  |a Texas A&M University  |b Rellis Campus  |c Joint Library Facility  |d Remote Storage  |t 0  |e QD471 .M3  |h Library of Congress classification  |i unmediated -- volume  |k Bd.69-72  |l 1963:Nov.-1964:Marz  |m A14838642435 
952 f f |p ric  |a Texas A&M University  |b Rellis Campus  |c Joint Library Facility  |d Remote Storage  |t 0  |e QD471 .M3  |h Library of Congress classification  |i unmediated -- volume  |k v.183:no.10-12  |l 1982  |m A14812287673 
952 f f |p ric  |a Texas A&M University  |b Rellis Campus  |c Joint Library Facility  |d Remote Storage  |t 0  |e QD471 .M3  |h Library of Congress classification  |i unmediated -- volume  |k Bd.154-156  |l 1972  |m A14828088493 
952 f f |p ric  |a Texas A&M University  |b Rellis Campus  |c Joint Library Facility  |d Remote Storage  |t 0  |e QD471 .M3  |h Library of Congress classification  |i unmediated -- volume  |k Bd.113-114  |l 1968:Apr.-Mai  |m A14838642574 
952 f f |p ric  |a Texas A&M University  |b Rellis Campus  |c Joint Library Facility  |d Remote Storage  |t 0  |e QD471 .M3  |h Library of Congress classification  |i unmediated -- volume  |k v.182:no.7-9  |l 1981  |m A14812287429 
952 f f |p ric  |a Texas A&M University  |b Rellis Campus  |c Joint Library Facility  |d Remote Storage  |t 0  |e QD471 .M3  |h Library of Congress classification  |i unmediated -- volume  |k Bd.176:no.10-12  |l 1975  |m A14838505942 
952 f f |p ric  |a Texas A&M University  |b Rellis Campus  |c Joint Library Facility  |d Remote Storage  |t 0  |e QD471 .M3  |h Library of Congress classification  |i unmediated -- volume  |k v.192:no.10-12  |l 1991  |m A14815670029 
952 f f |p ric  |a Texas A&M University  |b Rellis Campus  |c Joint Library Facility  |d Remote Storage  |t 0  |e QD471 .M3  |h Library of Congress classification  |i unmediated -- volume  |k Bd.179:no.1-3  |l 1978:Jan.-Marz  |m A14838642867 
952 f f |p ric  |a Texas A&M University  |b Rellis Campus  |c Joint Library Facility  |d Remote Storage  |t 0  |e QD471 .M3  |h Library of Congress classification  |i unmediated -- volume  |k Bd.66-68  |l 1963  |m A14813060197 
952 f f |p ric  |a Texas A&M University  |b Rellis Campus  |c Joint Library Facility  |d Remote Storage  |t 0  |e QD471 .M3  |h Library of Congress classification  |i unmediated -- volume  |k Bd.121-122  |l 1969:Feb.-Marz  |m A14838642605 
952 f f |p ric  |a Texas A&M University  |b Rellis Campus  |c Joint Library Facility  |d Remote Storage  |t 0  |e QD471 .M3  |h Library of Congress classification  |i unmediated -- volume  |k Bd.178:no.7-9  |l 1977:Juli-Sept.  |m A14838642841 
952 f f |p ric  |a Texas A&M University  |b Rellis Campus  |c Joint Library Facility  |d Remote Storage  |t 0  |e QD471 .M3  |h Library of Congress classification  |i unmediated -- volume  |k v.186:no.1-3  |l 1985  |m A14812287110 
952 f f |p ric  |a Texas A&M University  |b Rellis Campus  |c Joint Library Facility  |d Remote Storage  |t 0  |e QD471 .M3  |h Library of Congress classification  |i unmediated -- volume  |k v.184:no.7-9  |l 1983  |m A14812287827 
952 f f |p ric  |a Texas A&M University  |b Rellis Campus  |c Joint Library Facility  |d Remote Storage  |t 0  |e QD471 .M3  |h Library of Congress classification  |i unmediated -- volume  |k Bd.63-65  |l 1963:Marz-Juli  |m A14838642427 
952 f f |p ric  |a Texas A&M University  |b Rellis Campus  |c Joint Library Facility  |d Remote Storage  |t 0  |e QD471 .M3  |h Library of Congress classification  |i unmediated -- volume  |k Bd.47-48  |l 1961:Juni-Aug.  |m A14838642370 
952 f f |p ric  |a Texas A&M University  |b Rellis Campus  |c Joint Library Facility  |d Remote Storage  |t 0  |e QD471 .M3  |h Library of Congress classification  |i unmediated -- volume  |k Bd.119-120  |l 1968:Dez.  |m A14838642590 
952 f f |p ric  |a Texas A&M University  |b Rellis Campus  |c Joint Library Facility  |d Remote Storage  |t 0  |e QD471 .M3  |h Library of Congress classification  |i unmediated -- volume  |k Bd.44-46  |l 1961  |m A14838642362 
952 f f |p ric  |a Texas A&M University  |b Rellis Campus  |c Joint Library Facility  |d Remote Storage  |t 0  |e QD471 .M3  |h Library of Congress classification  |i unmediated -- volume  |k Bd.24-25  |l 1957:Juli-1958:Feb.  |m A14838642265 
952 f f |p ric  |a Texas A&M University  |b Rellis Campus  |c Joint Library Facility  |d Remote Storage  |t 0  |e QD471 .M3  |h Library of Congress classification  |i unmediated -- volume  |k v.191:no.7-9  |l 1990  |m A14815068890 
952 f f |p ric  |a Texas A&M University  |b Rellis Campus  |c Joint Library Facility  |d Remote Storage  |t 0  |e QD471 .M3  |h Library of Congress classification  |i unmediated -- volume  |k v.186:no.7-9  |l 1985  |m A14812286960 
998 f f |a QD471 .M3  |s Bd.1 (1947)--v.194 (Dec. 1993).  |t 0  |l Remote Storage